Bồi dưỡng tâm lý khỏe mạnh cho trẻ

محفوظ في:
التفاصيل البيبلوغرافية
المؤلف الرئيسي: Phương Chi
مؤلفون آخرون: Nguyễn, Khắc Khoái
التنسيق: كتاب
اللغة:Vietnamese
منشور في: Hà Nội Phụ nữ 2006
الموضوعات:
الوسوم: إضافة وسم
لا توجد وسوم, كن أول من يضع وسما على هذه التسجيلة!
Thư viện lưu trữ: Trung tâm Học liệu Lê Vũ Hùng, Trường Đại học Đồng Tháp
LEADER 00866aam a22002658a 4500
001 00028586
005 20171026081025.0
008 120329s2006 ||||||viesd
020 |c 34000 
041 0 # |a vie 
082 1 4 |a 155.4  |b B452D 
100 0 # |a Phương Chi 
245 1 0 |a Bồi dưỡng tâm lý khỏe mạnh cho trẻ  |c Phương Chi, Nguyễn Khắc Khoái 
260 # # |a Hà Nội  |b Phụ nữ  |c 2006 
300 # # |a 296tr.  |c 19cm. 
650 # 4 |a Sức khoẻ tinh thần trẻ em 
650 # 4 |a Tâm lý trẻ em 
653 # # |a Công tác xã hội 
653 # # |a Giáo dục gia đình 
653 # # |a Trẻ em 
700 1 # |a Nguyễn, Khắc Khoái 
852 # # |b Kho đọc  |j KD.0012768 
852 # # |j KD.0012768 
910 |d 29/03/2012 
980 # # |a Trung tâm Học liệu Lê Vũ Hùng, Trường Đại học Đồng Tháp